000 00798nam a22002537a 4500
001 90142
003 UA-OsUOA
005 20260421101318.0
007 ta
008 20121114b un ||||| |||| 00| 0 ukr d
020 _a5774504018
040 _aUA-OsUOA
_bukr
_cUA-OsUOA
_dUA-OsUOA
041 _aukr
080 _a821.161.2
090 _a821.161.2
_bК92
100 _aКупчинський Р.
_924898
245 _aЗаметіль
_nкн. 1
_cРоман Купчинський
_pПовість зі стрілецького життя
260 _aЛьвів
_bКаменяр
_c1991
300 _a175 с.
650 7 _a821.161.2 Українська література
_2UDC
_941
942 _cBK
_2udc
955 _a3
999 _c376354
_d376354